Designing Embedded Systems with PIC Microcontrollers: (Record no. 8077)

MARC details
000 -LEADER
fixed length control field 00463nam a22001697a 4500
003 - CONTROL NUMBER IDENTIFIER
control field OSt
005 - DATE AND TIME OF LATEST TRANSACTION
control field 20230215174200.0
008 - FIXED-LENGTH DATA ELEMENTS--GENERAL INFORMATION
fixed length control field 230215b ||||| |||| 00| 0 eng d
040 ## - CATALOGING SOURCE
Transcribing agency MUST
Modifying agency MUST
082 ## - DEWEY DECIMAL CLASSIFICATION NUMBER
Edition number 22
Classification number 004 WIL
100 ## - MAIN ENTRY--PERSONAL NAME
Relator code Wilmshurst, Tim
245 ## - TITLE STATEMENT
Title Designing Embedded Systems with PIC Microcontrollers:
Remainder of title Principles and Applications.
250 ## - EDITION STATEMENT
Edition statement 2nd.ed.
260 ## - PUBLICATION, DISTRIBUTION, ETC. (IMPRINT)
Place of publication, distribution, etc. New York
Name of publisher, distributor, etc. Elsevier
Date of publication, distribution, etc. 2010
300 ## - PHYSICAL DESCRIPTION
Extent xxix,661p.
Dimensions 24cm.
942 ## - ADDED ENTRY ELEMENTS (KOHA)
Source of classification or shelving scheme Dewey Decimal Classification
Koha item type Book
Holdings
Withdrawn status Lost status Source of classification or shelving scheme Damaged status Not for loan Home library Current library Date acquired Source of acquisition Total Checkouts Full call number Barcode Date last seen Copy number Price effective from Koha item type
    Other/Generic Classification Scheme     Main Kihumuro Campus Main Kihumuro Campus 15/02/2023 Donation   004 WIL 2023-0101 15/02/2023 1 15/02/2023 Book